[Event "GER-ch U25 op"]
[Site "Willingen"]
[Date "2008.05.17"]
[Round "9"]
[White "Kilic, Ahmet"]
[Black "Eichin, Felix"]
[Result "1-0"]
[WhiteElo "1171"]
[BlackElo "946"]
[PlyCount "111"]
[EventDate "2008.05.11"]
[EventType "swiss"]
[EventRounds "9"]
[EventCountry "GER"]
[SourceTitle "CBM 124 Extra"]
[Source "ChessBase"]
[SourceDate "2008.07.03"]
[SourceVersion "1"]
[SourceVersionDate "2008.07.03"]
[SourceQuality "1"]

1. c4 e5 2. Nc3 Nc6 3. g3 Bc5 4. Bg2 d6 5. d3 Nf6 6. Bg5 Be6 7. e4 h6 8. Be3 Nd4 9. Nge2 Bg4 10. Qd2 Bxe2 11. Nxe2 Bb4 12. Nc3 Ng4 13. 0-0 0-0 14. Rae1 Rc8 15. f4 Re8 16. f5 Nxe3 17. Rxe3 Bc5 18. Kh1 Nc2 19. Ref3 Nd4 20. R3f2 Qd7 21. f6 Rf8 22. fxg7 Kxg7 23. Rf6 Rh8 24. Rxf7+ Qxf7 25. Rxf7+ Kxf7 26. Bh3 Rcf8 27. Qf2+ Kg7 28. Qd2 Nf3 29. Qe2 Rf6 30. Nd5 Ng1 31. Qg4+ Rg6 32. Qd7+ Kf8 33. Be6 Rxe6 34. Qxe6 Rh7 35. Qf6+ Ke8 36. Qg6+ Rf7 37. Nxc7+ Kf8 38. Ne6+ Ke7 39. Nxc5 dxc5 40. Kxg1 Rf6 41. Qg7+ Ke6 42. Qxb7 Rf3 43. Qd5+ Kf6 44. Qxc5 Rxd3 45. Qxa7 Rd1+ 46. Kg2 Rd2+ 47. Kh3 Rxb2 48. Qa6+ Kg5 49. c5 Rc2 50. c6 h5 51. Qb6 Rxc6 52. Qxc6 h4 53. gxh4+ Kh5 54. Qe8+ Kh6 55. Qg8 Kh5 56. Qg5# 1-0

[Event "GER-ch U25 op"]
[Site "Willingen"]
[Date "2008.05.11"]
[Round "1"]
[White "Eichin, Felix"]
[Black "Schneider, Johannes"]
[Result "0-1"]
[WhiteElo "946"]
[BlackElo "1645"]
[PlyCount "58"]
[EventDate "2008.05.11"]
[EventType "swiss"]
[EventRounds "9"]
[EventCountry "GER"]
[SourceTitle "CBM 124 Extra"]
[Source "ChessBase"]
[SourceDate "2008.07.03"]
[SourceVersion "1"]
[SourceVersionDate "2008.07.03"]
[SourceQuality "1"]

1. e4 d5 2. Nc3 d4 3. Nce2 c5 4. d3 Nc6 5. Nf3 e5 6. c3 Bd6 7. Qb3 Qc7 8. c4 f5 9. Ng5 h6 10. Nf3 fxe4 11. dxe4 Nf6 12. Ng3 Be6 13. Bd2 a6 14. Nf5 Nxe4 15. Nxd6+ Nxd6 16. a4 0-0 17. a5 e4 18. Nh4 d3 19. Qb6 Qxb6 20. axb6 Nxc4 21. Ra4 Nxd2 22. Kxd2 c4 23. b3 g5 24. bxc4 gxh4 25. c5 Bd5 26. Ra1 Rxf2+ 27. Ke3 Raf8 28. h3 Nb4 29. Ra4 Nc2# 0-1